Normal view
MARC view
- Klosowski, Jerome M
Entry Personal Name
001 - CONTROL NUMBER
- control field: 66755
003 - CONTROL NUMBER IDENTIFIER
- control field: NUST
005 - DATE AND TIME OF LATEST TRANSACTION
- control field: 20210628203650.0
008 - FIXED-LENGTH DATA ELEMENTS
- fixed length control field: 210628|| aca||aabn | a|a d
040 ## - CATALOGING SOURCE
- Original cataloging agency: NUST
- Transcribing agency: NUST
100 ## - HEADING--PERSONAL NAME
- Personal name: Klosowski, Jerome M
670 ## - SOURCE DATA FOUND
- Source citation: Work cat.: (NUST): Klosowski, Jerome M, Science and technology of building seals sealnts, glazing and waterproofing, 2nd volume, 1922
